Estudio de pre factibilidad en la construcción de 5 kilómetros de carretera, tramo empalme el gigante- el murciélago en el municipio de tola, departamento de Rivas

La construcción de nuevas vías de carreteras, tanto urbanas como rurales ha sido imprescindible para el progreso de la sociedad humana a lo largo de la historia. El turismo ha sido una de las industrias de más demanda, especialmente en la región del pacífico. La favorable posición geográfica...

Full description

Bibliographic Details
Main Authors: Castro Barrios, Alex Geovanny, Pérez Calderón, Josué Uriel, Rodríguez Pérez, Daniel Salvador
Other Authors: Tutor: Molina Lagos, Yader
Format: Tesis Section = Libro
Language:Undetermined
Spanish
Published: Managua UNI 2019
Subjects:
LEADER 01517nam a2200289Ia 4500
008 240830s9999 xx 000 0 und d
040 |a BIBLIOTECA-RUPAP Mon 625.7 C355 
041 |a spa 
082 |a Mon 625.7 C355 
100 1 |a Castro Barrios, Alex Geovanny 
100 1 |b  Pérez Calderón, Josué Uriel 
100 1 |c  Rodríguez Pérez, Daniel Salvador 
245 1 0 |a Estudio de pre factibilidad en la construcción de 5 kilómetros de carretera, tramo empalme el gigante- el murciélago en el municipio de tola, departamento de Rivas 
260 |a Managua  |b UNI  |c 2019 
300 |a 100 p. :il. 
500 |a Contiene: anexos y CD. 
502 |a Tesis (Ingeniero Civil)- UNI, 2019. 
520 3 |a La construcción de nuevas vías de carreteras, tanto urbanas como rurales ha sido imprescindible para el progreso de la sociedad humana a lo largo de la historia. El turismo ha sido una de las industrias de más demanda, especialmente en la región del pacífico. La favorable posición geográfica de Rivas facilita el fortalecimiento de los principales rubros económicos, tales como el turismo, la agricultura y la ganadería, siendo de suma importancia la habilitación de nuevas vías de carreteras. 
650 7 |a CARRETERAS-NICARGUA 
650 7 |b ESTUDIO DE FACTIBILIDAD 
650 7 |c CARRETERAS-CIMENTACIONES 
650 7 |d CONSTRUCCION DE CARRETERAS 
650 7 |e MATERIALES PARA CARRETERAS 
700 1 |a Tutor:  |b Molina Lagos, Yader 
942 |c BK  |2 ddc 
991 |a TESIS 
999 |c 15966